000 00274nam a2200133Ia 4500
100 _aBasandra S.K.
942 _cBK
654 _acomputers
245 _aComputers Today
260 _bGalgotia
_aNew Delhi
_c1995
082 _a4
_bAPAN
300 _a648
546 _aENGLISH
999 _c28518
_d28518